000 nam a22 7a 4500
999 _c233430
_d233430
003 Nust
005 20170307153633.0
008 170307b xxu||||| |||| 00| 0 eng d
040 _cDLC
082 _a363.73874 DAS
245 _aGlobal Climate and Sustainable Development vol.2 /
_c Dass,Sujata K.
260 _aDelhi :
_bISHA Books,
300 _a338p. :
_c25cm
942 _2ddc
_cBK